000 00301nam a22001337a 4500
008 181030b xxu||||| |||| 00| 0 eng d
020 _a9780316924009
041 _aeng
080 _a610
100 _a4
101 _aSHM
245 _aManual of Medical Therapeutics
_cDunagan, W.C
942 _2udc
_cBK
999 _c51114
_d51114